Európska únia a IFRS/IAS

Slovensko sa v súčasnosti nachádza v etape transformácie účtovníctva, ktorá je sprevádzaná rastúcim významom Medzinárodných účtovných štandardov IFRS/IAS. Implementácia týchto štandardov na Slovensku je značne determinovaná spôsobom, akým sa dosiahne vzájomná kompatibilita týchto noriem s legislatív...

Descrizione completa

Salvato in:
Dettagli Bibliografici
Autore principale: Tumpach, Miloš, 1970-
Natura: Capitolo di libro
Lingua:slovacco
Soggetti:
Tags: Aggiungi Tag
Nessun Tag, puoi essere il primo ad aggiungerne!!

MARC

LEADER 00000naa a2200000 4500
001 r048667
005 20240502071343.3
041 0 |a slo 
044 |a SK 
245 1 0 |a Európska únia a IFRS/IAS  |c Miloš Tumpach 
520 |a Slovensko sa v súčasnosti nachádza v etape transformácie účtovníctva, ktorá je sprevádzaná rastúcim významom Medzinárodných účtovných štandardov IFRS/IAS. Implementácia týchto štandardov na Slovensku je značne determinovaná spôsobom, akým sa dosiahne vzájomná kompatibilita týchto noriem s legislatívou EÚ. 
610 2 0 |a účtovníctvo 
610 2 0 |a štandardy účtovné medzinárodné 
610 2 0 |a legislatíva 
610 2 0 |a Slovensko 
610 2 0 |a Európska únia 
610 2 0 |a IFRS 
100 1 |a Tumpach, Miloš, 1970-